1552 1821 1975 1305 1749 1166 1988 1966 1691 1720 1878 1291 1384 1594 1437 1863 1547 1277 1306 1138 1204 1410 1018 1718 1231 1354 1805 1712 1847 1782 1320 1271 1328 1389 1131 1688 1832 1529 1473 1560 1685 1814 1559 1678 1832 1689 1104 1018 1508 1065 1936 1975 1851 1617 1750 1029 1091 1924 1369 1056 1060 1353 1704 1597 1780 1851 1415 1482 1328 1590 1276 1513 1462 1017 1037 1032 1819 1263 1757 1734 1521 1251 1410 1203 1832 1817 1412 1475 1766 1707 1567 1901 1123 1908 1023 1417 1226 1481 1402 BCNSPRNW ULIB Ver.6.0+V

เปลี่ยนเป็นภาษาไทย

Change to English
 แสดงรายละเอียดบรรณานุกรม
  กลับหน้าหลัก

Brief Record : Get Marc (ISO 2709) : E-mail record : QR code < ปิดหน้าต่าง
LEADER : 00000nam 2200000uu 4500
001    13399107713
003     ULIB
008    110124s2553||||th 000 0 tha d
020    9789741112661
060 04 WI140^bC641 2553
245 00 Clinical practice in gastroenterology /^cบรรณาธิการ, สถาพรมานัสสถิตย์, สุพจน์ พงศ์ประสบชัย, อุดม คชินทร
250    พิมพ์ครั้งที่ 1
260    กรุงเทพฯ :^bสาขาวิชาโรคระบบทางเดินอาหาร ภาควิชาอายุรศาสตร์คณะแพทยศาสตร์ศิริราชพยาบาล มหาวิทยาลัยมหิดล,^c2553
300    ก-ซ, 441 หน้า :^bภาพประกอบ ;^c27 ซม.
650  7 กระเพาะอาหารและลำไส้, โรค
650  7 กระเพาะอาหารและลำไส้, วิทยา
653    ผลงานอาจารย์คณะแพทยศาสตร์ศิริราชพยาบาล
700 0  สถาพร มานัสสถิตย์,^eบรรณาธิการ
700 0  สุพจน์ พงศ์ประสบชัย,^eบรรณาธิการ
700 0  อุดม คชินทร,^eบรรณาธิการ
710 2  มหาวิทยาลัยมหิดล. ^bคณะแพทยศาสตร์. ^bภาควิชาอายุรศาสตร์.^bสาขาวิชาโรคระบบทางเดินอาหาร
945    ^p400^l0^i029559
945    ^p400^l0^i029558
945    ^p400^l0^i029557
995    เกษร
999 ^a ใช้งานได้ทุกระบบ
รายการนี้ยังไม่มีแท็ก
คุณยังไม่ได้ล็อกอิน คุณสามารถมีกิจกรรมร่วมกับเว็บไซต์ได้ แต่ต้องล็อกอินก่อน ::
  ล็อกอิน

รายการสื่อสารสนเทศ

ลำดับที่ ประเภท เลขเรียก/บาร์โค้ด สถานที่ สถานะ
1. วิทยาศาสตร์การแพทย์ และสุขภาพ
หนังสือสำรอง
สถานะ=หนังสือสำรอง
WI140 C641 2553 ฉ.1 
  Barcode: 029557
ห้องสมุดวิทยาเขตสวรรค์ประชารักษ์
►ส่วนจัดเก็บหนังสือเก่า สปร
บนชั้น
  ขอยืม
2. วิทยาศาสตร์การแพทย์ และสุขภาพ
วิทยาศาสตร์การแพทย์ และสุขภาพ
WI140 C641 2553 ฉ.2 
  Barcode: 029558
ห้องสมุดวิทยาเขตสวรรค์ประชารักษ์
►ส่วนจัดเก็บหนังสือเก่า สปร
บนชั้น
  ขอยืม
3. วิทยาศาสตร์การแพทย์ และสุขภาพ
วิทยาศาสตร์การแพทย์ และสุขภาพ
WI140 C641 2553 ฉ.3 
  Barcode: 029559
ห้องสมุดวิทยาเขตสวรรค์ประชารักษ์
►ส่วนจัดเก็บหนังสือเก่า สปร
บนชั้น
  ขอยืม

รายการใกล้เคียง
    หัวเรื่อง [กระเพาะอาหารและลำไส้, โรค]
    หัวเรื่อง [กระเพาะอาหารและลำไส้, วิทยา]

BibComment


ยังไม่เคยถูกคอมเมนท์

คอมเมนท์ทรัพยากรรายการนี้
  คอมเมนท์: Clinical practice..


 Copyright 2026. Bcnsprnw @Library